000 00506nam a22001817a 4500
005 20170608103332.0
010 _aENG-118563
020 _a9789350451083
_c350.00
035 _aEN-102095
037 _bDBAD/PUB
082 _a881
100 _aSrivastava,Narsingh
245 _aLayla and Majnun /
_cby Narsingh Srivastava
260 _aCalcutta
_bWriters Workshop
_c2015
270 _a162/92,Lake Garden
_bCalcutta
_e700045
300 _a156p.
_b22cm(Hb)
942 _2ddc
_cEN
_h881
_mSRI
999 _c140866
_d140866